000 01492nam a2200193 i 4500
001 768714001
003 CO-MdFUSB
005 20220726173021.0
008 220726t1984 ck |||| |||| 00| 0 spa d
040 _bspa
_cCO-MdFUSB
_dCO-MdFUSB
041 _aspa
100 _aRimbaud, Jean Arthur,
_eautor
245 _aIluminaciones
_c/ Jean Arthur Rimbaud
300 _aVolumen 14, (1984) páginas149 - 178 ;
_c 22 cm.
520 _aIluminaciones (o Las Iluminaciones) es una colección de poemas en prosa del poeta francés Arthur Rimbaud, aparecida parcialmente en la revista literaria parisina La Vogue entre mayo y junio de 1886. El texto fue reimpreso en forma de libro en octubre de 1886 bajo el título Les Iluminations propuesto por el poeta Paul Verlaine, antiguo amigo y amante de Rimbaud. En el prefacio, Verlaine explicó que el título venía de la palabra inglesa iluminations, que era el subtítulo que Rimbaud había elegido para el libro. Verlaine fechó la composición del mismo entre 1873 y 1875.1​ Rimbaud escribió la mayoría de poemas de Las Iluminaciones durante su estadía en Inglaterra con Verlaine. La escritura de los textos siguió durante las peregrinaciones de Rimbaud en 1873 desde Londres, donde esperaba hallar tranquilidad para escribir, a Charleville y Stuttgart en 1875.2​
650 7 _92654
_aLiteratura francesa
773 0 _067924
_981153
_aOveja Negra,
_o24703
_tMaestros de la literatura universal
_w(CO-MdFUSB)768714001
_z8482806718
942 _cBK
999 _c68017
_d68017